000 01258cam a22003011i 4500
003 SA-RiAUC
005 20251022075135.0
008 251020s1982 le g 00010bara c
040 _aSA-RiAUC
_bara
_cSA-RiAUC
_erda
050 4 _bI77 1982
082 0 4 _a921.1
_qSA-RiAUC
090 _a921.1
_bع ر ق
100 1 _aعرقسوسي، محمد خير
_eمؤلف.
245 1 0 _aابن سينا والنفس الإنسانية /
_cمحمد خير عرقسوسي، حسن ملا عثمان.
250 _aالطبعة الأولى.
264 1 _aبيروت :
_bمؤسسة الرسالة،
_c1982
300 _a213 صفحة ؛
_c24 سم.
336 _aنص
_btxt
_2rdacontent
_3كتاب
337 _aبدون وسيط
_bn
_2rdamedia
338 _aمجلد
_bnc
_2rdacarrier
490 1 _aالدراسات النفسية عند المسلمين
600 1 7 _aابن سينا، الحسين بن عبد الله بن سينا،
_cالرئيس،
_d370-428 هجري
_2aucnm
650 7 _aالفلاسفة المسلمون
_vتراجم
_2aucsh
700 1 _aعثمان، حسن ملا،
_d1919-
_eمؤلف.
830 2 _aالدراسات النفسية عند المسلمين
942 _2ddc
_cBOOK
_n0
949 _aSA-JeALM
_d251020
_umohamedma123
_n1
999 _c12696
_d12696